|
|
|
|
| LEADER |
00000cam a2200000 a 4500 |
| 001 |
vtls001077060 |
| 003 |
SK-MaSNL |
| 005 |
20260301000722.0 |
| 008 |
250414s1993 xo g 000 j slo |
| 015 |
|
|
|a SNBA1994/12
|
| 020 |
|
|
|a 8085508060
|
| 035 |
|
|
|a SNK000019894
|
| 035 |
|
|
|a urn:nbn:sk:snk-amjb1d
|
| 035 |
|
|
|a urn:nbn:sk:snk-am003mgb
|
| 035 |
|
|
|a C0D9B7EB-3951-499E-8852-2B2EA5A75980
|
| 040 |
|
|
|a SNK
|b slo
|c SNK
|e AACR2
|
| 041 |
0 |
|
|a slo
|
| 044 |
|
|
|a xo
|c SK
|
| 080 |
|
|
|a 885.4-3
|2 1981
|
| 100 |
1 |
|
|a Podlipná, Erika,
|d 1943-
|4 aut
|9 98698
|
| 245 |
1 |
0 |
|a Koláž
|b (pocta Dominikovi Tatarkovi)
|c Erika Podlipná
|
| 250 |
|
|
|a 1. vyd.
|
| 260 |
|
|
|a Bratislava
|b F.R. & G.
|c 1993
|
| 300 |
|
|
|a 288 s.
|c 19 cm
|
| 490 |
1 |
|
|a Fragment
|
| 500 |
|
|
|a Frago & comp.
|
| 830 |
|
0 |
|a Fragment
|9 278121
|
| 852 |
|
|
|a Slovenská národná knižnica
|
| 919 |
|
|
|a 80-85508-06-0
|
| 954 |
|
|
|a prózy lyrické
|
| 958 |
|
|
|a OND
|
| 958 |
|
|
|a LX
|
| 958 |
|
|
|a TL
|
| 999 |
|
|
|c 533334
|d 535264
|
| 952 |
|
|
|t P60, <05>, [BOOK], {605}
|a SNK
|b SNK
|y PREZ
|7 0
|p 17A0015440
|o snkSD 66796 D1
|0 0
|1 0
|4 0
|d 1996-10-23
|l 0
|r 2004-12-31 00:00:00
|w 2026-02-23
|
| 952 |
|
|
|a SNK
|b SNK
|y PREZ
|7 0
|p 17A1051647
|o snkSD 66796
|0 0
|1 0
|4 0
|d 2013-07-16
|l 0
|r 2026-02-23 12:14:58
|w 2026-02-23
|